000 00668nam a2200205Ia 4500
003 GCL
008 140319s9999 xx 000 0 ara d
040 _aGCL /
_cGCL
082 0 4 _a219.3
_bع ن
100 1 _aعلى بوسلمان
245 1 0 _aنظرية القيادة فى الاسلام /
_cعلى بوسلمان
260 _aبيروت :
_bدار العلم ،
_c2002
300 _a239 ص ؛
_c20 سم
490 _aعالم الفلسفة والعرفان
_v13
650 0 4 _aالفلسفة الاسلامية
650 0 4 _aالسيرة النبوية
650 0 4 _aغزوات النبى
650 0 4 _aالقيادة فى الاسلام
942 _2ddc
_cBK
999 _c5538
_d5538